Language Quiz

Random Language Quiz

Greek Roots 2012-13 Quiz Stats

Quiz not verified by Sporcle

Challenge
Share
Tweet
Embed
Score 0/61 Timer 10:00
0 Plays Today
Greek Root English % Correct
heliosun
83%
astrstar
81.6%
cardioheart
80.9%
geoearth
79.4%
pseudofake
79.4%
hyperover
78.7%
hypounder
76.6%
chlorgreen
75.2%
tetrafour
74.5%
scopsee
73.8%
xenoforeign
73%
photlight
72.3%
telefar
71.6%
heptseven
70.9%
melanblack
70.2%
orthostraight
70.2%
glycsweet
69.5%
psychmind
68.8%
protofirst
68.8%
onymname
68.8%
mnememory
68.1%
acrohigh
68.1%
platyflat
68.1%
leuc/kwhite
67.4%
rhodred
66.7%
galacmilk
66.7%
gynwoman
66%
anthrophuman
63.1%
cephalhead
62.4%
periaround
62.4%
amphiboth
62.4%
Greek Root English % Correct
callibeautiful
61%
glosstongue
60.3%
enterintestine
59.6%
diathrough/across
58.9%
tomcut
58.9%
deutersecond
58.2%
athlcontest
58.2%
arthrjoint
57.4%
phageat
57.4%
odroad
56.7%
pterwing
56%
critjudge
53.9%
helicocircular
53.2%
nesisland
53.2%
androman
52.5%
erg/urgwork
52.5%
iatrdoctor
51.8%
algiapain
51.8%
pathfeel
49.6%
dynpower
49.6%
phytplant
48.9%
nephrkidney
48.9%
blem/balthrow
47.5%
dogm/doxtaught
46.8%
xerdry
46.1%
phanappear
44.7%
lysloosen
42.6%
dyswrong
40.4%
dromtrack
36.2%
phylacguard
31.2%

You're not logged in!

Compare scores with friends on all Sporcle quizzes.
Sign Up with Email
OR
Log In

You Might Also Like...

Show Comments

Extras

Top Quizzes Today


Score Distribution

Your Account Isn't Verified!

In order to create a playlist on Sporcle, you need to verify the email address you used during registration. Go to your Sporcle Settings to finish the process.

Report this User

Report this user for behavior that violates our Community Guidelines.

Details: